NBA 2K Video Game Covers Quiz - Statistics

General Stats
  • This quiz has been taken 38 times
  • The average score is 24 of 27
Answer Stats
Picture Answer % Correct
Allen Iverson
97%
Allen Iverson
97%
Allen Iverson
97%
Allen Iverson
97%
Allen Iverson
97%
Kobe Bryant
97%
Kobe Bryant
97%
LeBron James
97%
Michael Jordan
97%
Michael Jordan
97%
Shaquille O'Neal
97%
Shaquille O'Neal
97%
Chris Paul
94%
Kevin Durant
94%
Kevin Garnett
94%
Giannis Antetokounmpo
91%
Luka Doncic
91%
Stephen Curry
91%
Anthony Davis
88%
Devin Booker
88%
Jayson Tatum
88%
Shai Gilgeous-Alexander
88%
Zion Williamson
88%
Ben Wallace
85%
Kyrie Irving
85%
Paul George
85%
Blake Griffin, Kevin Durant, Derrick Rose
21%
No matching quizzes found
Score Distribution
Percent of People with Each Score
Percentile by Number Answered
Your Score History
You have not taken this quiz